Nákladové účtovníctvo v časovom priereze dejinami diplomová práca

Uložené v:
Podrobná bibliografia
Hlavný autor: Kovašichová, Monika
Korporativný autor: Fakulta hospodárskej informatiky EU. Katedra účtovníctva a audítorstva
Ďalší autori: Antalová, Renáta
Médium: Kniha
Jazyk:Slovak
Vydavateľské údaje: Bratislava 2011
Tagy: Pridať tag
Žiadne tagy, Buďte prvý, kto otaguje tento záznam!

MARC

LEADER 00000nbm a2200000 4500
001 0132213
005 20161109101758.0
041 0 |a slo 
044 |a SK 
245 1 0 |a Nákladové účtovníctvo v časovom priereze dejinami  |b diplomová práca  |c Monika Kovašichová ; školiteľ: Renáta Antalová 
264 1 |a Bratislava  |c 2011 
300 |a 66 s. 
100 1 |a Kovašichová, Monika 
700 1 |a Antalová, Renáta 
710 2 |a Fakulta hospodárskej informatiky EU. Katedra účtovníctva a audítorstva